| 000 | 01022nam a2200253 i 4500 | ||
|---|---|---|---|
| 001 | 179738 | ||
| 003 | ES-MaACL | ||
| 005 | 20230925165653.0 | ||
| 008 | 120116s2011 sp aceo |||| |bspa d | ||
| 020 | _a978-84-937754-1-4 | ||
| 080 | _a624(460) | ||
| 245 | 0 | 0 |
_aIldefonso Sánchez del Río Pisón _b: el ingenio de un legado : [exposición] / _ceditado por Pepa Cassinello y Bernardo Revuelta Pol. |
| 260 |
_aMadrid : _bFundación Juanelo Turriano, _c2011. |
||
| 300 |
_a251 p. : _bil. col. y n., fot.,, planos ; _c27 cm. |
||
| 600 | 1 | 4 |
_aSánchez del Río Pisón, Ildefonso. _9149077 |
| 650 | 4 |
_aIngeniería civil- _zEspaña. _9149082 |
|
| 700 | 1 |
_aCassinello Plaza, María Josefa. _9149078 |
|
| 700 | 1 |
_aRevuelta Pol, Bernardo. _9149079 |
|
| 710 | 2 |
_aFundación Juanelo Turriano. _94352 |
|
| 852 |
_aES-MaACL _jA-11843 _9186638 _bR.148506 _cDEPO1 _dOlim: N-4848 _xDonación: Fundación Juanelo Turriano |
||
| 914 |
_94352 _aFundación Juanelo Turriano _ednr |
||
| 942 |
_2udc _cMONOGRAFIA |
||
| 999 |
_c179738 _d179738 |
||